000 00734cam a22002651 4500
001 814
003 BD-RjUL
005 20211208233232.0
008 131123s19621949 xx 000 0 eng
035 _a(BD-RjUL)834
035 _a(OCoLC)1601240
040 _aDLC
_cFM
_dDLC
_d(BD-RjUL)
_beng
041 _aeng
082 0 4 _a027.82
_216
_bRAL
100 1 _aRalph, Richard George.
_92436
245 1 4 _aThe library in education /
260 _aLondon :
_bTurnstile Press,
_c1949 [Reprinted 1962]
300 _a144 p.
_billus. ;
_c19 cm.
500 _aErrata slip mounted on p 129.
504 _aBibliography: p. 129-139.
650 0 _aSchool libraries.
_91727
942 _2ddc
_cBK
999 _c814
_d814